| 000 | 00462nam a2200169Ia 4500 | ||
|---|---|---|---|
| 005 | 20240920143724.0 | ||
| 008 | 240126s9999 xx 000 0 und d | ||
| 020 | _a9781484278710 | ||
| 082 | _a005.8 DAS;1 R | ||
| 100 | _aDaswani, Neil. Elbayadi, Moudy. | ||
| 245 | 0 | _aBig breaches : cybersecurity lessons for everyone | |
| 260 |
_bApress Media _aNew York |
||
| 300 | _axlvii, 427 | ||
| 440 | _aNULL | ||
| 650 | _aJava,compatible,java,5,6 | ||
| 942 | _cPU | ||
| 999 |
_c296014 _d296014 |
||